Taller d'iniciació a la joieria : grups A i B grups A i B
Publicado:
Barcelona :
Diputació de Barcelona. Àrea d'Educació. Gerència de serveis d'Educació, [2009]
Descripción Física:
43, 9 p. ; 29 cm
MARC
| LEADER | 00000nam a2200000Ia 4500 | ||
|---|---|---|---|
| 001 | 22391 | ||
| 008 | 160829s9999 xx 000 0 cat d | ||
| 080 | |a E-1-374 | ||
| 245 | |a Taller d'iniciació a la joieria : |b grups A i B | ||
| 260 | |a Barcelona : |b Diputació de Barcelona. Àrea d'Educació. Gerència de serveis d'Educació, [2009] | ||
| 300 | |a 43, 9 p. ; |c 29 cm | ||
| 590 | |a Centre de Formació d'Adults Can Batlló | ||
| 650 | |a Joies |x Ensenyament |9 44798 | ||
| 650 | |a Arts decoratives |x Ensenyament |9 44799 | ||
| 710 | |a Barcelona (Catalunya : Província). |b Gerència de Serveis d'Educació |9 52167 | ||
| 710 | 2 | |a Centre de Formació d'Adults Can Batlló |9 55011 | |
| 866 | |a Curs: 2009 - 2010 | ||
| 901 | |a Arxiu | ||
| 942 | |n 1 | ||
| 952 | |0 0 |1 0 |4 0 |6 E1374 |7 1 |9 52175 |a Arxiu |b Arxiu |d 2016-12-01 |l 0 |o E-1-374 |p 22391 |r 2016-12-01 00:00:00 |w 2016-12-01 |y ARXIU | ||
| 999 | |c 56023 |d 56023 | ||